| 000 | 00604nam a2200229Ia 4500 | ||
|---|---|---|---|
| 003 | OSt | ||
| 005 | 20230523120227.0 | ||
| 008 | 210423s2015 xx 000 0 und d | ||
| 020 | _a978-07-451506-8 | ||
| 040 | _cAL | ||
| 041 | _aeng | ||
| 082 |
_a658 _223 _bAGAO |
||
| 100 |
_aAGARWAL (R D) _990147 |
||
| 245 | _aOrganization and management | ||
| 260 |
_aNew Delhi _bMcGrawhill Education _c2015 |
||
| 300 |
_axiv,708 _bPB |
||
| 365 |
_b675 _cINR |
||
| 650 |
_aManagement _990148 |
||
| 650 |
_aManagement & Auxiliary Services 650 _990149 |
||
| 906 | _amanagement ; Organization | ||
| 942 |
_2ddc _cBK |
||
| 999 |
_c167033 _d167033 |
||